[Event "Skalica op"]
[Site "Skalica"]
[Date "2024.08.07"]
[Round "6"]
[White "Polak, Tomas"]
[Black "Ouellet, Maili Jade"]
[Result "1-0"]
[WhiteElo "2514"]
[BlackElo "2318"]
[PlyCount "57"]
[EventDate "2024.08.03"]
[EventType "swiss"]
[EventRounds "9"]
[EventCountry "SVK"]
[SourceTitle "CBM 221 Extra"]
[Source "ChessBase"]
[SourceDate "2024.09.30"]
[SourceVersion "1"]
[SourceVersionDate "2024.09.30"]
[SourceQuality "1"]

1. e4 c5 2. Nf3 Nc6 3. Bb5 e6 4. Bxc6 bxc6 5. d3 Qc7 6. 0-0 Ne7 7. h4 d6 8. h5 h6 9. Nc3 g5 10. hxg6 Nxg6 11. d4 cxd4 12. Nxd4 e5 13. Nf5 Bxf5 14. exf5 Ne7 15. f4 Qb6+ 16. Kh2 0-0-0 17. Qh5 f6 18. fxe5 fxe5 19. f6 Ng8 20. a4 Qc7 21. f7 Ne7 22. Ra3 Kb8 23. Ne4 Nc8 24. Rg3 Be7 25. Rg7 Rdf8 26. Nf6 Bxf6 27. Rxf6 Ne7 28. Rxh6 Rxh6 29. Bxh6 1-0

[Event "Skalica op"]
[Site "Skalica"]
[Date "2024.08.04"]
[Round "2"]
[White "Ouellet, Maili Jade"]
[Black "Druska, Juraj"]
[Result "1-0"]
[WhiteElo "2318"]
[BlackElo "2447"]
[PlyCount "107"]
[EventDate "2024.08.03"]
[EventType "swiss"]
[EventRounds "9"]
[EventCountry "SVK"]
[SourceTitle "CBM 221 Extra"]
[Source "ChessBase"]
[SourceDate "2024.09.30"]
[SourceVersion "1"]
[SourceVersionDate "2024.09.30"]
[SourceQuality "1"]

1. d4 d6 2. Nf3 Nf6 3. c4 g6 4. Nc3 Bg7 5. e4 0-0 6. Be2 Qe8 7. 0-0 e5 8. d5 a5 9. Rb1 Na6 10. b3 Nh5 11. Ne1 f5 12. Nd3 b6 13. a3 fxe4 14. Nxe4 Nc5 15. Ndxc5 bxc5 16. Bf3 Bf5 17. Re1 Nf6 18. Rb2 Nxe4 19. Bxe4 Qd7 20. Bd2 Qe7 21. Qc1 Qf7 22. f3 h5 23. Re2 Ra7 24. Qe1 Rfa8 25. Rf2 Qd7 26. h3 Rf8 27. a4 Rb7 28. Bxa5 Rfb8 29. Qe3 Rf8 30. Bd2 Qe7 31. a5 Qh4 32. Rf1 Bf6 33. Ra1 Ra8 34. Qf2 Kg7 35. b4 cxb4 36. Qxh4 Bxh4 37. Rxb4 Rxb4 38. Bxb4 Kf7 39. c5 dxc5 40. Bxc5 Ra6 41. Bb4 Be7 42. Bc3 Kf6 43. Kf1 c6 44. Ke2 Bc5 45. Rc1 Ba3 46. Rd1 Bd6 47. dxc6 Ke7 48. Bd5 Be6 49. Be4 Bf5 50. Ra1 Bxe4 51. fxe4 Kd8 52. Kd3 Kc7 53. Rf1 Be7 54. Rf7 1-0

[Event "Andorra op 40th"]
[Site "Escaldes"]
[Date "2024.07.25"]
[Round "6"]
[White "Jimenez Fernandez, Rebeca"]
[Black "Ouellet, Maili Jade"]
[Result "1/2-1/2"]
[WhiteElo "2073"]
[BlackElo "2302"]
[PlyCount "123"]
[EventDate "2024.07.20"]
[EventType "swiss"]
[EventRounds "9"]
[EventCountry "AND"]
[SourceTitle "CBM 221 Extra"]
[Source "ChessBase"]
[SourceDate "2024.09.30"]
[SourceVersion "1"]
[SourceVersionDate "2024.09.30"]
[SourceQuality "1"]

1. e4 c6 2. d4 d5 3. Nc3 dxe4 4. Nxe4 Nf6 5. Nxf6+ exf6 6. c3 Bd6 7. Bd3 0-0 8. Qc2 Re8+ 9. Ne2 h5 10. Be3 Nd7 11. 0-0-0 Nf8 12. Kb1 h4 13. c4 Bg4 14. a3 Rc8 15. Rd2 Qa5 16. Nc3 b5 17. c5 Bb8 18. d5 cxd5 19. Bxb5 Red8 20. Rd4 Bh5 21. b4 Qc7 22. Rxh4 Bg6 23. Bd3 Qb7 24. Rd1 a5 25. b5 Be5 26. Na4 d4 27. Bd2 Rb8 28. Nb6 Bxd3 29. Qxd3 Ne6 30. Bxa5 Nxc5 31. Qh7+ Kf8 32. a4 Bc7 33. Re1 Ne6 34. Bb4+ Bd6 35. Bxd6+ Rxd6 36. Nc4 Rdd8 37. Na5 Qd5 38. Qd3 g6 39. Qh3 Rbc8 40. Rh8+ Ke7 41. Qa3+ Kd7 42. Rh7 Ke8 43. Rh8+ Kd7 44. Rxd8+ Rxd8 45. Nc6 Rc8 46. Rd1 Qf5+ 47. Qd3 Qxd3+ 48. Rxd3 Ra8 49. a5 Kd6 50. Nxd4 Nxd4 51. Rxd4+ Kc5 52. Rd2 Rxa5 53. Rb2 Rxb5 54. Rxb5+ Kxb5 55. h4 f5 56. Kc2 Kc4 57. Kd2 Kd4 58. Ke2 Ke4 59. g3 f6 60. f3+ Ke5 61. Kd3 Kd5 62. Ke3 1/2-1/2